000 01414nam a22003137a 4500
005 20260213144948.0
008 240125t ||||| |||| 00| 0 spa d
020 _a9789587942774
040 _aCO-BoUCM
_cDavid Moreno
_dDavid Moreno
041 _aspa
100 1 _aDíaz Pinzón, Beatriz Helena
_d1976
_9179781
245 1 0 _aModelo de priorización de proyectos de Ti
_bcaso Ecopetrol
_cBeatriz Helena Diaz Pinzón... [ y otros].
260 _aBogota, COL
_bUniversidad Nacional de Colombia
_c2021
300 _a162 Paginas
_bilustraciones (principalmente a color), diagramas
650 1 7 _aEmpresa colombiana de petróleos (Ecopetrol)
_xTecnología de la información
_9179782
650 1 7 _aProyectos de desarrollo industrial
_xInnovaciones
_9179783
650 1 7 _aToma de deciones
_xEvaluación de proyectos
_9179784
650 1 7 _aEmpresas
_xInversiones
_9179785
700 1 _aRodríguez Villabona, María Teresa.
_9179786
700 1 _aCalderón Espitia, Walter Helberth.
_9179787
700 1 _aCano Díaz, Alberto.
_9179788
700 1 _aMalagón Carvajal, Laura Juliana.
_9179789
700 1 _aNiño Quevedo, José Rubén
_9179790
700 1 _aEspinoza Moreno, Juan Carlos
_9179791
700 1 _aSanabria Villamizar, Fabián Enrique
_9179792
700 1 _aPeña Reyes, José Ismael
_9179793
942 _2DEWEY
_a16
_cLIBRO
_e1
_h658.404
_mD41m
_n0
999 _c323798
_d323798